The effect of legitimate opportunities on the probability of parolee recidivism
| Main Author: | |
|---|---|
| Format: | Print Book |
| Language: | English |
| Published: |
Durham, N.C.
Duke Univ., Center for Justice Policy, Institute of Policy Sciences and Public Affairs
1973
|
| In: |
Working paper, Institute of Policy Sciences and Public Affairs, Duke University (973)
Year: 1973 |
| Availability in Tübingen: | Present in Tübingen. UB: KB 1 B 461-1 |
| Check availability: | HBZ Gateway |
| Subito Delivery Service: | Order now. |
MARC
| LEADER | 00000cam a22000002c 4500 | ||
|---|---|---|---|
| 001 | 1098945980 | ||
| 003 | DE-627 | ||
| 005 | 20220514162733.0 | ||
| 007 | tu | ||
| 008 | 920702s1973 xx ||||| 00| ||eng c | ||
| 035 | |a (DE-627)1098945980 | ||
| 035 | |a (DE-576)028945980 | ||
| 035 | |a (DE-599)BSZ028945980 | ||
| 035 | |a (OCoLC)29410471 | ||
| 040 | |a DE-627 |b ger |c DE-627 |e rakwb | ||
| 041 | |a eng | ||
| 100 | 1 | |a Cook, Philip J. |d 1946- |0 (DE-588)129561126 |0 (DE-627)47271872X |0 (DE-576)164456414 |4 aut | |
| 109 | |a Cook, Philip J. 1946- |a Cook, Philip 1946- | ||
| 245 | 1 | 4 | |a The effect of legitimate opportunities on the probability of parolee recidivism |c Philip J. Cook |
| 264 | 1 | |a Durham, N.C. |b Duke Univ., Center for Justice Policy, Institute of Policy Sciences and Public Affairs |c 1973 | |
| 300 | |a 96 S. | ||
| 336 | |a Text |b txt |2 rdacontent | ||
| 337 | |a ohne Hilfsmittel zu benutzen |b n |2 rdamedia | ||
| 338 | |a Band |b nc |2 rdacarrier | ||
| 490 | 1 | |a Working paper, Institute of Policy Sciences and Public Affairs, Duke University |v 973 | |
| 583 | 1 | |a Archivierung prüfen |c 20200919 |f DE-640 |z 2 |2 pdager | |
| 830 | 0 | |a Working paper, Institute of Policy Sciences and Public Affairs, Duke University |v 973 |9 973 |w (DE-627)1098945972 |w (DE-576)028945972 |7 am | |
| 951 | |a BO | ||
| ELC | |b 1 | ||
| LOK | |0 000 xxxxxcx a22 zn 4500 | ||
| LOK | |0 001 2187724158 | ||
| LOK | |0 003 DE-627 | ||
| LOK | |0 004 1098945980 | ||
| LOK | |0 005 20020606000000 | ||
| LOK | |0 008 920702||||||||||||||||ger||||||| | ||
| LOK | |0 040 |a DE-21 |c DE-627 |d DE-21 | ||
| LOK | |0 852 |a DE-21 | ||
| LOK | |0 852 1 |c KB 1 B 461-1 |9 00 | ||
| LOK | |0 935 |a krim | ||
| LOK | |0 936ln |a k13.2.1.1 | ||
| LOK | |0 939 |a 02-07-92 |b l01 | ||
| ORI | |a SA-MARC-krimdoka001.raw | ||
| SIG | |a UB: KB 1 B 461-1 | ||
